Polytechnic mathematics / (Record no. 9494)
[ view plain ]
| 000 -LEADER | |
|---|---|
| fixed length control field | 00697cam a2200301ua 4500 |
| 041 ## - LANGUAGE CODE | |
| Language code of text/sound track or separate title | eng |
| 082 ## - DEWEY DECIMAL CLASSIFICATION NUMBER | |
| Classification number | 510 |
| Item number | KUN/PO |
| 100 ## - MAIN ENTRY--AUTHOR NAME | |
| Personal name | Kunjipaulo, A O . |
| 245 ## - TITLE STATEMENT | |
| Title | Polytechnic mathematics / |
| 250 ## - EDITION STATEMENT | |
| Edition statement | 1 / |
| 260 ## - PUBLICATION, DISTRIBUTION, ETC. (IMPRINT) | |
| Place of publication | Calicut : |
| Name of publisher | Xavier press , |
| Year of publication | 1964. |
| 300 ## - PHYSICAL DESCRIPTION | |
| Number of Pages | 248 ; . |
| 942 ## - ADDED ENTRY ELEMENTS (KOHA) | |
| Koha item type | Books |
| Withdrawn status | Lost status | Damaged status | Home library | Current library | Date acquired | Full call number | Accession Number | Koha item type |
|---|---|---|---|---|---|---|---|---|
| KAUAET | KAUAET | 07/04/2012 | 510 | 12528 | Books | |||
| KAUAET | KAUAET | 07/04/2012 | 510 | 12529 | Books | |||
| KAUAET | KAUAET | 07/04/2012 | 510 | 12519 | Books | |||
| KAUAET | KAUAET | 07/04/2012 | 510 | 12520 | Books | |||
| KAUAET | KAUAET | 07/04/2012 | 510 | 12527 | Books | |||
| KAUAET | KAUAET | 07/04/2012 | 510 | 12526 | Books | |||
| KAUAET | KAUAET | 07/04/2012 | 510 | 12525 | Books | |||
| Withdrawn | KAUAET | KAUAET | 07/04/2012 | 510 | 12524 | Books | ||
| KAUAET | KAUAET | 07/04/2012 | 510 | 12523 | Books | |||
| Withdrawn | KAUAET | Sanskrit University | 07/04/2012 | 510 | 12530 | Books | ||
| Withdrawn | KAUAET | Sanskrit University | 07/04/2012 | 510 | 12521 | Books |
